Szegedi pilóták a dobogón

Elmentve itt :
Bibliográfiai részletek
Szerző: Takács Viktor
Dokumentumtípus: Cikk
Megjelent: 1996-07-22
Sorozat:Délmagyarország 86 No. 170
Kulcsszavak:Szeged, Sport repülősport vitorlázórepülés verseny Szeged
Online Access:http://dmarchiv.bibl.u-szeged.hu/82579
LEADER 00497nab a2200157 i 4500
001 delm82579
005 20191011150929.0
008 191011s1996 hu o 0|| hun d
040 |a SZTE Délmagyarország Archívum  |b hun 
041 |a hun 
100 1 |a Takács Viktor 
245 1 0 |a Szegedi pilóták a dobogón  |h [elektronikus dokumentum] /  |c  Takács Viktor 
260 |c 1996-07-22 
300 |a 7 
490 0 |a Délmagyarország  |v 86 No. 170 
695 |a Szeged, Sport repülősport vitorlázórepülés verseny Szeged